[Event "IECG OP.2006.0.00027"]
[Site "IECG email"]
[Date "2006.04.26"]
[Round "?"]
[White "Digalakis, Georgios"]
[Black "Rubluk, Thomas"]
[Result "0-1"]
[WhiteElo "1500"]
[BlackElo "800"]
[PlyCount "58"]
[EventDate "2006.04.26"]
[EventType "tourn (corr)"]
[EventRounds "6"]
[SourceTitle "Corr 2022"]
[Source "ChessBase"]
[SourceDate "2021.10.24"]
[SourceVersion "1"]
[SourceVersionDate "2021.10.24"]
[SourceQuality "1"]

1. d4 d5 2. c4 c6 3. Nf3 Nf6 4. Nc3 e6 5. e3 Nbd7 6. Bd3 dxc4 7. Bxc4 b5 8. Bd3 Bb7 9. 0-0 a6 10. e4 c5 11. d5 Qc7 12. dxe6 fxe6 13. Ne2 0-0-0 14. Nf4 Ne5 15. Qe2 Nxd3 16. Nxe6 Qe7 17. Nxd8 Qxd8 18. Bg5 c4 19. e5 h6 20. Bh4 Qe8 21. Bg3 Ne4 22. Rad1 Bc5 23. Rxd3 cxd3 24. Qxd3 Qc6 25. Rd1 Rf8 26. Qf1 Qe6 27. Rc1 Kb8 28. a3 Bb6 29. Qe1 Rxf3 0-1

[Event "IECG OP.2006.0.00027"]
[Site "IECG email"]
[Date "2006.04.26"]
[Round "?"]
[White "Rubluk, Thomas"]
[Black "Koslowski, Volker"]
[Result "0-1"]
[WhiteElo "800"]
[BlackElo "2153"]
[PlyCount "42"]
[EventDate "2006.04.26"]
[EventType "tourn (corr)"]
[EventRounds "6"]
[SourceTitle "Corr 2008"]
[Source "ChessBase"]
[SourceDate "2008.06.24"]
[SourceVersion "1"]
[SourceVersionDate "2008.06.24"]
[SourceQuality "1"]

1. d4 Nf6 2. Nf3 g6 3. c4 Bg7 4. Nc3 d5 5. cxd5 Nxd5 6. e4 Nxc3 7. bxc3 c5 8. Rb1 0-0 9. Be2 Qa5 10. 0-0 Qxa2 11. Bg5 Qe6 12. Re1 h6 13. Bh4 cxd4 14. cxd4 g5 15. d5 Qg6 16. Bg3 Nd7 17. Rc1 Qxe4 18. Bd3 Qb4 19. Re4 Qa3 20. Re3 Qb4 21. Rb1 Qa5 0-1

[Event "IECG OP.2006.0.00026"]
[Site "IECG email"]
[Date "2006.04.24"]
[Round "?"]
[White "Rubluk, Thomas"]
[Black "Schoenbuchner, Gertraud"]
[Result "0-1"]
[WhiteElo "800"]
[BlackElo "838"]
[PlyCount "31"]
[EventDate "2006.04.24"]
[EventType "tourn (corr)"]
[EventRounds "6"]
[SourceTitle "Corr 2008"]
[Source "ChessBase"]
[SourceDate "2008.06.24"]
[SourceVersion "1"]
[SourceVersionDate "2008.06.24"]
[SourceQuality "1"]

1. d4 d5 2. Nf3 Nc6 3. c4 Bg4 4. cxd5 Qxd5 5. Nc3 Qd6 6. d5 Ne5 7. Qb3 0-0-0 8. Nb5 Qxd5 9. Nxa7+ Kb8 10. Nxe5 Qxb3 11. axb3 Be6 12. Nec6+ bxc6 13. Nxc6+ Kc8 14. e4 Rd6 15. Ra8+ Kd7 16. Ne5# 0-1

[Event "IECG RN.2006.0.00001"]
[Site "IECG email"]
[Date "2006.04.15"]
[Round "?"]
[White "Gimenes, Virgilio"]
[Black "Rubluk, Thomas"]
[Result "1-0"]
[WhiteElo "800"]
[BlackElo "800"]
[PlyCount "31"]
[EventDate "2006.04.15"]
[EventType "tourn (corr)"]
[EventRounds "6"]
[SourceTitle "Corr 2008"]
[Source "ChessBase"]
[SourceDate "2008.06.24"]
[SourceVersion "1"]
[SourceVersionDate "2008.06.24"]
[SourceQuality "1"]

1. e4 e5 2. Nf3 Nc6 3. Bb5 a6 4. Bxc6 dxc6 5. d4 exd4 6. Nxd4 c5 7. Nf3 Qxd1+ 8. Kxd1 Be6 9. b3 0-0-0+ 10. Ke2 Ne7 11. Nc3 Nc6 12. Rd1 Nd4+ 13. Nxd4 cxd4 14. Nd5 Bxd5 15. exd5 Bc5 16. Bb2 1-0

[Event "IECG RN.2006.0.00001"]
[Site "IECG email"]
[Date "2006.04.15"]
[Round "?"]
[White "Rubluk, Thomas"]
[Black "D'Emilia, Jack"]
[Result "0-1"]
[WhiteElo "800"]
[BlackElo "800"]
[PlyCount "52"]
[EventDate "2006.04.15"]
[EventType "tourn (corr)"]
[EventRounds "6"]
[SourceTitle "Corr 2008"]
[Source "ChessBase"]
[SourceDate "2008.06.24"]
[SourceVersion "1"]
[SourceVersionDate "2008.06.24"]
[SourceQuality "1"]

1. e4 e5 2. Nf3 Nf6 3. Nxe5 d6 4. Nf3 Nxe4 5. d4 d5 6. Bd3 Be7 7. 0-0 0-0 8. c4 Be6 9. cxd5 Bxd5 10. Re1 f5 11. Nc3 Bb4 12. Qc2 Bxc3 13. bxc3 Nc6 14. Bf4 a6 15. Rab1 b5 16. a4 bxa4 17. c4 Bf7 18. d5 Ne7 19. Nd4 a3 20. f3 Nd6 21. Bg5 Re8 22. Nc6 Nxc6 23. Bxd8 Rxe1+ 24. Rxe1 Nb4 25. Qc3 Nxd3 26. Bxc7 Nxe1 0-1